| 000 | 00658nam a2200205 4500 | ||
|---|---|---|---|
| 001 | 144672 | ||
| 003 | ES-MaACL | ||
| 005 | 20250804062548.0 | ||
| 007 | t| | ||
| 008 | 070214s1973 sp r ||||1| spa d | ||
| 245 | 0 | 0 |
_aSociedades secretas / _cselección, introducción y epílogo de Norman Mackenzie ; traducción de Fernando Calleja. |
| 260 |
_aMadrid : _bAlianza, _c1973. |
||
| 300 |
_a310 p. ; _c18 cm. |
||
| 490 | 1 |
_aEl libro de bolsillo ; _v471 |
|
| 700 | 1 |
_aMackenzie, Norman. _975253 |
|
| 700 | 1 |
_aCalleja, Fernando. _933715 |
|
| 830 | 0 | 3 |
_aEl libro de bolsillo _v471 _9177802 |
| 852 |
_aES-MaACL _jC-54446 _bR.87277 |
||
| 999 |
_c144672 _d144672 |
||